MARC details
| 000 -LEADER |
| fixed length control field |
01923cam a22004814a 4500 |
| 001 - CONTROL NUMBER |
| control field |
muse84983 |
| 003 - CONTROL NUMBER IDENTIFIER |
| control field |
MdBmJHUP |
| 005 - DATE AND TIME OF LATEST TRANSACTION |
| control field |
20210127151655.0 |
| 006 - FIXED-LENGTH DATA ELEMENTS--ADDITIONAL MATERIAL CHARACTERISTICS |
| fixed length control field |
m o d |
| 007 - PHYSICAL DESCRIPTION FIXED FIELD--GENERAL INFORMATION |
| fixed length control field |
cr||||||||nn|n |
| 008 - FIXED-LENGTH DATA ELEMENTS--GENERAL INFORMATION |
| fixed length control field |
031006s1997 mx o 00 0 spa d |
| 020 ## - INTERNATIONAL STANDARD BOOK NUMBER |
| International Standard Book Number |
9789681208288 |
| 020 ## - INTERNATIONAL STANDARD BOOK NUMBER |
| Canceled/invalid ISBN |
9681208285 |
| 035 ## - SYSTEM CONTROL NUMBER |
| System control number |
(OCoLC)1056106273 |
| 040 ## - CATALOGING SOURCE |
| Original cataloging agency |
MdBmJHUP |
| Transcribing agency |
MdBmJHUP |
| 100 1# - MAIN ENTRY--PERSONAL NAME |
| Personal name |
Muro, Luis. |
| 245 10 - TITLE STATEMENT |
| Title |
Guía del Ramo Revolución Mexicana, 1910-1920, del Archivo Histórico de la Defensa Nacional |
| Remainder of title |
y de otros repositorios del gabinete de manuscritos de la Biblioteca Nacional de México / |
| Statement of responsibility, etc. |
Luis Muro y Berta Ulloa. |
| 250 ## - EDITION STATEMENT |
| Edition statement |
1ª ed. |
| 264 #1 - PRODUCTION, PUBLICATION, DISTRIBUTION, MANUFACTURE, AND COPYRIGHT NOTICE |
| Name of producer, publisher, distributor, manufacturer |
El Colegio de México, Centro de Estudios Históricos, |
| 264 #3 - PRODUCTION, PUBLICATION, DISTRIBUTION, MANUFACTURE, AND COPYRIGHT NOTICE |
| Name of producer, publisher, distributor, manufacturer |
Project MUSE, |
| 300 ## - PHYSICAL DESCRIPTION |
| Extent |
1 online resource (XXIX, 1105 p.) : |
| Other physical details |
il. ; |
| 500 ## - GENERAL NOTE |
| General note |
Bibliografía. |
| 506 0# - RESTRICTIONS ON ACCESS NOTE |
| Terms governing access |
Open Access |
| Standardized terminology for access restriction |
Unrestricted online access |
| Source of term |
star |
| 588 ## - SOURCE OF DESCRIPTION NOTE |
| Source of description note |
Description based on print version record. |
| 600 11 - SUBJECT ADDED ENTRY--PERSONAL NAME |
| Personal name |
Muro, Luis. |
| Source of heading or term |
tesbhaecid |
| 610 27 - SUBJECT ADDED ENTRY--CORPORATE NAME |
| Corporate name or jurisdiction name as entry element |
Biblioteca Nacional (Mexico) |
| Source of heading or term |
tesbhaecid |
| 610 17 - SUBJECT ADDED ENTRY--CORPORATE NAME |
| Corporate name or jurisdiction name as entry element |
Mexico. |
| Subordinate unit |
Secretaria de la Defensa Nacional. |
| -- |
Archivo Historico. |
| Source of heading or term |
tesbhaecid |
| 650 00 - SUBJECT ADDED ENTRY--TOPICAL TERM |
| Topical term or geographic name entry element |
Revolucion mexicana. |
| Source of heading or term |
tesbhaecid |
| 650 00 - SUBJECT ADDED ENTRY--TOPICAL TERM |
| Topical term or geographic name entry element |
Manuscritos (Mexico) |
| Source of heading or term |
tesbhaecid |
| 650 00 - SUBJECT ADDED ENTRY--TOPICAL TERM |
| Topical term or geographic name entry element |
Fuentes para la historia de Mexico. |
| Source of heading or term |
tesbhaecid |
| 650 00 - SUBJECT ADDED ENTRY--TOPICAL TERM |
| Topical term or geographic name entry element |
Catalogos de bibliotecas. |
| Source of heading or term |
tesbhaecid |
| 650 00 - SUBJECT ADDED ENTRY--TOPICAL TERM |
| Topical term or geographic name entry element |
Catalogos de archivos. |
| Source of heading or term |
tesbhaecid |
| 655 #7 - INDEX TERM--GENRE/FORM |
| Genre/form data or focus term |
Electronic books. |
| Source of term |
local |
| 700 1# - ADDED ENTRY--PERSONAL NAME |
| Personal name |
Ulloa Ortiz, Berta. |
| 710 2# - ADDED ENTRY--CORPORATE NAME |
| Corporate name or jurisdiction name as entry element |
El Colegio de Mexico. |
| Subordinate unit |
Centro de Estudios Historicos. |
| 710 2# - ADDED ENTRY--CORPORATE NAME |
| Corporate name or jurisdiction name as entry element |
Project Muse. |
| Relator term |
distributor |
| 830 #0 - SERIES ADDED ENTRY--UNIFORM TITLE |
| Uniform title |
Book collections on Project MUSE. |
| 856 40 - ELECTRONIC LOCATION AND ACCESS |
| Public note |
Full text available: |
| Uniform Resource Identifier |
<a href="https://muse.jhu.edu/book/74818/">https://muse.jhu.edu/book/74818/</a> |